| 000 | 00000cas 2200000zi 4500 |
| 001 | 9.909885 |
| 003 | CaOODSP |
| 005 | 20260424085007 |
| 006 | m o d f |
| 007 | cr cn||||||||| |
| 008 | 220406c20219999oncar p o f0###a0eng|d |
| 022 | |a2816-4695 |
| 040 | |aCaOODSP|beng|erda|cCaOODSP |
| 043 | |an-cn-ns |
| 086 | 1 |aFs74-47E-PDF |
| 222 | 0|aCanadian sailing directions. ATL 105, Cape Canso to Cape Sable (including Sable Island) |
| 245 | 00|aCanadian sailing directions. |nATL 105, |pCape Canso to Cape Sable (including Sable Island). |
| 246 | 30|aCape Canso to Cape Sable (including Sable Island) |
| 264 | 1|aOttawa, Ontario, Canada : |bCanadian Hydrographic Service, Fisheries and Oceans Canada = Service hydrographique du Canada, Pêches et océans Canada, |c[2022]- |
| 310 | |aAnnual |
| 336 | |atext|btxt|2rdacontent |
| 337 | |acomputer|bc|2rdamedia |
| 338 | |aonline resource|bcr|2rdacarrier |
| 362 | 1 |aBegan with: 12/2021. |
| 500 | |aIssued also in French under title: Instructions nautiques du Canada. ATL 105, Cape Canso à Cape Sable (y compris l'Île de Sable). |
| 588 | |aDescription based on: 12/2021. |
| 588 | |aLatest issue consulted: 12/2021. |
| 650 | 0|aNavigation|zNova Scotia|vPeriodicals. |
| 655 | 7|aPeriodicals|2lcgft |
| 710 | 2 |aCanadian Hydrographic Service, |eissuing body. |
| 775 | 08|tInstructions nautiques du Canada. |w(CaOODSP)9.909884 |
| 780 | 00|tSailing directions. |w(CaOODSP)9.908505 |